| 000 | 00859nam a22003015i 4500 | ||
|---|---|---|---|
| 999 |
_c1218 _d1218 |
||
| 001 | 19986503 | ||
| 003 | GZU | ||
| 005 | 20200930154648.0 | ||
| 008 | 170911s2017 cau 000 0 eng | ||
| 010 | _a 2017954636 | ||
| 020 | _a9781446249178 (pbk) | ||
| 020 | _a9781446249185 (hb) | ||
| 040 |
_aDLC _beng _erda _cDLC |
||
| 042 | _apcc | ||
| 050 |
_aHA 32 _b FIE 2013 |
||
| 100 | 1 | _aField, Andy. | |
| 245 | 1 | 0 |
_aDiscovering statistics using IBM SPSS statistics / _cAndy Field. |
| 250 | _a4th edition. | ||
| 263 | _a1711 | ||
| 264 | 1 |
_aThousand Oaks, CA : _bSAGE Publications, _c2017. |
|
| 300 | _apages cm | ||
| 336 |
_atext _btxt _2rdacontent |
||
| 337 |
_aunmediated _bn _2rdamedia |
||
| 338 |
_avolume _bnc _2rdacarrier |
||
| 906 |
_a0 _bibc _corignew _d2 _eepcn _f20 _gy-gencatlg |
||
| 942 |
_2lcc _cBK _e4th ed. _h32 _iFIE _kHA |
||